| 000 | 00394nam a2200157Ia 4500 | ||
|---|---|---|---|
| 008 | 230312s9999||||xx |||||||||||||| ||und|| | ||
| 020 | _a0-7506-5610-7 | ||
| 082 |
_a317.572 _bMCF-B |
||
| 100 | _aMcFarlane;Bob | ||
| 245 | 0 | _aBeginning AutoCAD 2002 | |
| 260 |
_bButterworth-Heinemann _aUSA _c2002 |
||
| 300 | _a387 | ||
| 546 | _aEng. | ||
| 650 |
_aAviation _vBeginning AutoCAD 2002 |
||
| 942 | _cBK | ||
| 999 |
_c7306 _d7306 |
||